Culture Cinéma et Historique - Statistiques

Statistiques générales
  • Ce quiz a été pris 241 fois
  • Le résultat moyen est 8 sur 15
Statistiques - réponses
Hint Réponse % Correct
Capital de la Suisse ? Berne
70%
Oscars 2024Meilleur acteur? Cillian Murphy
70%
Qui est le dernier acteurs ayant joués Spider-man ?(le plus beau) Tom Holland
70%
Premier film au Box office mondial? Avatar
68%
Qui est l'acteur principal de ce film ? Jean Dujardin
66%
Qui est la première femme à avoir eu un Prix Nobel? Marie Curie
64%
Film Français le plus primé aux Oscars? The Artist
64%
Capital de la Turquie ? Ankara
59%
Oscars 2024Meilleur scenario original? Anatomie d'une chute
57%
Film ayant reçus le plusd'Oscars?(sortie en 2001) Le Seigneur des anneaux
43%
En quelle année est crée la cérémonie desOscars ? 1929
42%
Comment s'appelle la femme de Hades ? Persephone
40%
Qui est dans la mythologie Grecque le père de Zeus? Chronos
39%
Quel est le premier des livres de la bible? Genèse
34%
Qui est jugé en 1961 à Jerusalem ? Adolf Eichmann
18%
Aucun quiz correspondant
Distribution des résultats
% des personnes avec chaque résultat
Percentile par nombre de réponses
Votre historique - résultats
Vous n’avez pas pris ce quiz